Loading...

Paavathan

Bibliographic Details
Main Author: Sreekrishna Aalanahally
Format: Printed Book
Published: Kottayam, D C Books 1985
Subjects:
LEADER 005530000a22001930004500
022 |a 14-06-2004 
041 |a Malayalam 
082 |a 894.814 3 SRE/P M5 
100 |a Sreekrishna Aalanahally 
245 |a Paavathan 
260 |a Kottayam, D C Books 
260 |c 1985 
465 |a R 15 
650 |a Kannada Literature 
650 |a Novel 
650 |a Translation malayalam 
942 |c BK 
999 |c 143251  |d 143247 
952 |0 0  |1 0  |4 0  |6 894_814000000000000_3_SRE_P_M5  |7 0  |9 142033  |a SCC  |b SCC  |d 2017-10-11  |l 0  |o 894.814 3 SRE/P M5  |p SCC05810  |r 2017-10-11  |w 2017-10-11  |y BK